<?xml version="1.0" encoding="UTF-8"?>
<record
    xmlns:xsi="http://www.w3.org/2001/XMLSchema-instance"
    xsi:schemaLocation="http://www.loc.gov/MARC21/slim http://www.loc.gov/standards/marcxml/schema/MARC21slim.xsd"
    xmlns="http://www.loc.gov/MARC21/slim">

  <leader>02829nam a2200385 a 4500</leader>
  <controlfield tag="005">20091212103048.0</controlfield>
  <controlfield tag="008">060711r20081994mnua   j      000 1 eng  </controlfield>
  <datafield tag="010" ind1=" " ind2=" ">
    <subfield code="a">B-385829-840</subfield>
  </datafield>
  <datafield tag="020" ind1=" " ind2=" ">
    <subfield code="a">9780060097912</subfield>
    <subfield code="c">158.00</subfield>
  </datafield>
  <datafield tag="035" ind1=" " ind2=" ">
    <subfield code="a">B-385829-840</subfield>
  </datafield>
  <datafield tag="037" ind1=" " ind2=" ">
    <subfield code="b">Blueberry Books </subfield>
  </datafield>
  <datafield tag="040" ind1=" " ind2=" ">
    <subfield code="a">dpl</subfield>
    <subfield code="b">English </subfield>
  </datafield>
  <datafield tag="082" ind1=" " ind2=" ">
    <subfield code="a">S</subfield>
  </datafield>
  <datafield tag="100" ind1=" " ind2=" ">
    <subfield code="a">Brown, Jeff </subfield>
  </datafield>
  <datafield tag="245" ind1=" " ind2=" ">
    <subfield code="a">His original adventure! /</subfield>
    <subfield code="c">by Jeff Brown; pictures by Macky Pamintuan </subfield>
  </datafield>
  <datafield tag="260" ind1=" " ind2=" ">
    <subfield code="a">New York </subfield>
    <subfield code="b">Harper Collines Publishers</subfield>
    <subfield code="c">2009</subfield>
  </datafield>
  <datafield tag="270" ind1=" " ind2=" ">
    <subfield code="a">53rd Street</subfield>
    <subfield code="b">New York </subfield>
    <subfield code="e">10022</subfield>
  </datafield>
  <datafield tag="300" ind1=" " ind2=" ">
    <subfield code="a">72, 5p. :</subfield>
    <subfield code="c">19cm(pbk)</subfield>
    <subfield code="b">ill. </subfield>
  </datafield>
  <datafield tag="490" ind1=" " ind2=" ">
    <subfield code="a">Flat Stanley </subfield>
  </datafield>
  <datafield tag="700" ind1=" " ind2=" ">
    <subfield code="a">Pamintuan , Macky</subfield>
  </datafield>
  <datafield tag="942" ind1=" " ind2=" ">
    <subfield code="2">ddc</subfield>
    <subfield code="c">CH</subfield>
    <subfield code="h">S</subfield>
    <subfield code="m">BRO</subfield>
  </datafield>
  <datafield tag="999" ind1=" " ind2=" ">
    <subfield code="c">32599</subfield>
    <subfield code="d">32599</subfield>
  </datafield>
  <datafield tag="952" ind1=" " ind2=" ">
    <subfield code="0">0</subfield>
    <subfield code="1">0</subfield>
    <subfield code="2">ddc</subfield>
    <subfield code="4">0</subfield>
    <subfield code="7">0</subfield>
    <subfield code="8">FIC</subfield>
    <subfield code="a">L</subfield>
    <subfield code="b">L</subfield>
    <subfield code="d">2010-07-17</subfield>
    <subfield code="e">Blueberry Books/5571/27.3.10/157/27.1.10/27.3.10</subfield>
    <subfield code="g">158.00</subfield>
    <subfield code="l">0</subfield>
    <subfield code="o">S BRO</subfield>
    <subfield code="p">B-385829</subfield>
    <subfield code="r">2010-07-17 00:00:00</subfield>
    <subfield code="t">1</subfield>
    <subfield code="v">158.00</subfield>
    <subfield code="w">2010-07-17</subfield>
    <subfield code="y">CH</subfield>
  </datafield>
  <datafield tag="952" ind1=" " ind2=" ">
    <subfield code="0">0</subfield>
    <subfield code="1">0</subfield>
    <subfield code="2">ddc</subfield>
    <subfield code="4">0</subfield>
    <subfield code="7">0</subfield>
    <subfield code="8">FIC</subfield>
    <subfield code="a">BL1</subfield>
    <subfield code="b">BL1</subfield>
    <subfield code="d">2010-07-17</subfield>
    <subfield code="e">Blueberry Books/5571/27.3.10/157/27.1.10/27.3.10</subfield>
    <subfield code="g">158.00</subfield>
    <subfield code="l">0</subfield>
    <subfield code="o">S BRO</subfield>
    <subfield code="p">B-385830</subfield>
    <subfield code="r">2010-07-17 00:00:00</subfield>
    <subfield code="t">1</subfield>
    <subfield code="v">158.00</subfield>
    <subfield code="w">2010-07-17</subfield>
    <subfield code="y">CH</subfield>
  </datafield>
  <datafield tag="952" ind1=" " ind2=" ">
    <subfield code="0">0</subfield>
    <subfield code="1">0</subfield>
    <subfield code="2">ddc</subfield>
    <subfield code="4">0</subfield>
    <subfield code="7">0</subfield>
    <subfield code="8">FIC</subfield>
    <subfield code="a">JP</subfield>
    <subfield code="b">JP</subfield>
    <subfield code="d">2010-07-17</subfield>
    <subfield code="e">Blueberry Books/5571/27.3.10/157/27.1.10/27.3.10</subfield>
    <subfield code="g">158.00</subfield>
    <subfield code="l">9</subfield>
    <subfield code="o">S BRO</subfield>
    <subfield code="p">B-385831</subfield>
    <subfield code="r">2015-01-12 00:00:00</subfield>
    <subfield code="s">2014-12-27</subfield>
    <subfield code="t">1</subfield>
    <subfield code="v">158.00</subfield>
    <subfield code="w">2010-07-17</subfield>
    <subfield code="y">CH</subfield>
  </datafield>
  <datafield tag="952" ind1=" " ind2=" ">
    <subfield code="0">0</subfield>
    <subfield code="1">0</subfield>
    <subfield code="2">ddc</subfield>
    <subfield code="4">0</subfield>
    <subfield code="7">0</subfield>
    <subfield code="8">FIC</subfield>
    <subfield code="a">ZLS</subfield>
    <subfield code="b">ZLS</subfield>
    <subfield code="d">2010-07-17</subfield>
    <subfield code="e">Blueberry Books/5571/27.3.10/157/27.1.10/27.3.10</subfield>
    <subfield code="g">158.00</subfield>
    <subfield code="l">0</subfield>
    <subfield code="o">S BRO</subfield>
    <subfield code="p">B-385832</subfield>
    <subfield code="r">2010-07-17 00:00:00</subfield>
    <subfield code="t">1</subfield>
    <subfield code="v">158.00</subfield>
    <subfield code="w">2010-07-17</subfield>
    <subfield code="y">CH</subfield>
  </datafield>
  <datafield tag="952" ind1=" " ind2=" ">
    <subfield code="0">0</subfield>
    <subfield code="1">0</subfield>
    <subfield code="2">ddc</subfield>
    <subfield code="4">0</subfield>
    <subfield code="7">0</subfield>
    <subfield code="8">FIC</subfield>
    <subfield code="a">RKP</subfield>
    <subfield code="b">RKP</subfield>
    <subfield code="d">2010-07-17</subfield>
    <subfield code="e">Blueberry Books/5571/27.3.10/157/27.1.10/27.3.10</subfield>
    <subfield code="g">158.00</subfield>
    <subfield code="l">0</subfield>
    <subfield code="o">S BRO</subfield>
    <subfield code="p">B-385833</subfield>
    <subfield code="r">2010-07-17 00:00:00</subfield>
    <subfield code="t">1</subfield>
    <subfield code="v">158.00</subfield>
    <subfield code="w">2010-07-17</subfield>
    <subfield code="y">CH</subfield>
  </datafield>
  <datafield tag="952" ind1=" " ind2=" ">
    <subfield code="0">1</subfield>
    <subfield code="1">0</subfield>
    <subfield code="2">ddc</subfield>
    <subfield code="4">0</subfield>
    <subfield code="7">0</subfield>
    <subfield code="8">FIC</subfield>
    <subfield code="a">AG</subfield>
    <subfield code="b">AG</subfield>
    <subfield code="d">2010-07-17</subfield>
    <subfield code="e">Blueberry Books/5571/27.3.10/157/27.1.10/27.3.10</subfield>
    <subfield code="g">158.00</subfield>
    <subfield code="l">0</subfield>
    <subfield code="o">S BRO</subfield>
    <subfield code="p">B-385834</subfield>
    <subfield code="r">2010-07-17 00:00:00</subfield>
    <subfield code="t">1</subfield>
    <subfield code="v">158.00</subfield>
    <subfield code="w">2010-07-17</subfield>
    <subfield code="y">CH</subfield>
  </datafield>
  <datafield tag="952" ind1=" " ind2=" ">
    <subfield code="0">0</subfield>
    <subfield code="1">5</subfield>
    <subfield code="2">ddc</subfield>
    <subfield code="4">0</subfield>
    <subfield code="7">0</subfield>
    <subfield code="8">FIC</subfield>
    <subfield code="a">SP</subfield>
    <subfield code="b">SP</subfield>
    <subfield code="d">2010-07-17</subfield>
    <subfield code="e">Blueberry Books/5571/27.3.10/157/27.1.10/27.3.10</subfield>
    <subfield code="g">158.00</subfield>
    <subfield code="l">0</subfield>
    <subfield code="o">S BRO</subfield>
    <subfield code="p">B-385835</subfield>
    <subfield code="r">2010-07-17 00:00:00</subfield>
    <subfield code="t">1</subfield>
    <subfield code="v">158.00</subfield>
    <subfield code="y">CH</subfield>
  </datafield>
  <datafield tag="952" ind1=" " ind2=" ">
    <subfield code="0">0</subfield>
    <subfield code="1">0</subfield>
    <subfield code="2">ddc</subfield>
    <subfield code="4">0</subfield>
    <subfield code="7">0</subfield>
    <subfield code="8">FIC</subfield>
    <subfield code="a">VP</subfield>
    <subfield code="b">VP</subfield>
    <subfield code="d">2010-07-17</subfield>
    <subfield code="e">Blueberry Books/5571/27.3.10/157/27.1.10/27.3.10</subfield>
    <subfield code="g">158.00</subfield>
    <subfield code="l">1</subfield>
    <subfield code="o">S BRO</subfield>
    <subfield code="p">B-385836</subfield>
    <subfield code="r">2012-10-05 00:00:00</subfield>
    <subfield code="s">2012-09-25</subfield>
    <subfield code="t">1</subfield>
    <subfield code="v">158.00</subfield>
    <subfield code="w">2010-07-17</subfield>
    <subfield code="y">CH</subfield>
  </datafield>
  <datafield tag="952" ind1=" " ind2=" ">
    <subfield code="0">0</subfield>
    <subfield code="1">0</subfield>
    <subfield code="2">ddc</subfield>
    <subfield code="4">0</subfield>
    <subfield code="7">0</subfield>
    <subfield code="8">FIC</subfield>
    <subfield code="a">BL3</subfield>
    <subfield code="b">BL3</subfield>
    <subfield code="d">2010-07-17</subfield>
    <subfield code="e">Blueberry Books/5571/27.3.10/157/27.1.10/27.3.10</subfield>
    <subfield code="g">158.00</subfield>
    <subfield code="l">0</subfield>
    <subfield code="o">S BRO</subfield>
    <subfield code="p">B-385837</subfield>
    <subfield code="r">2010-07-17 00:00:00</subfield>
    <subfield code="t">1</subfield>
    <subfield code="v">158.00</subfield>
    <subfield code="w">2010-07-17</subfield>
    <subfield code="y">CH</subfield>
  </datafield>
  <datafield tag="952" ind1=" " ind2=" ">
    <subfield code="0">0</subfield>
    <subfield code="1">0</subfield>
    <subfield code="2">ddc</subfield>
    <subfield code="4">0</subfield>
    <subfield code="7">0</subfield>
    <subfield code="8">FIC</subfield>
    <subfield code="a">NR</subfield>
    <subfield code="b">NR</subfield>
    <subfield code="d">2010-07-17</subfield>
    <subfield code="e">Blueberry Books/5571/27.3.10/157/27.1.10/27.3.10</subfield>
    <subfield code="g">158.00</subfield>
    <subfield code="l">0</subfield>
    <subfield code="o">S BRO</subfield>
    <subfield code="p">B-385838</subfield>
    <subfield code="r">2010-07-17 00:00:00</subfield>
    <subfield code="t">1</subfield>
    <subfield code="v">158.00</subfield>
    <subfield code="w">2010-07-17</subfield>
    <subfield code="y">CH</subfield>
  </datafield>
  <datafield tag="952" ind1=" " ind2=" ">
    <subfield code="0">0</subfield>
    <subfield code="1">0</subfield>
    <subfield code="2">ddc</subfield>
    <subfield code="4">0</subfield>
    <subfield code="7">0</subfield>
    <subfield code="8">FIC</subfield>
    <subfield code="a">BN</subfield>
    <subfield code="b">BN</subfield>
    <subfield code="d">2010-07-17</subfield>
    <subfield code="e">Blueberry Books/5571/27.3.10/157/27.1.10/27.3.10</subfield>
    <subfield code="g">158.00</subfield>
    <subfield code="l">0</subfield>
    <subfield code="o">S BRO</subfield>
    <subfield code="p">B-385839</subfield>
    <subfield code="r">2010-07-17 00:00:00</subfield>
    <subfield code="t">1</subfield>
    <subfield code="v">158.00</subfield>
    <subfield code="w">2010-07-17</subfield>
    <subfield code="y">CH</subfield>
  </datafield>
  <datafield tag="952" ind1=" " ind2=" ">
    <subfield code="0">0</subfield>
    <subfield code="1">0</subfield>
    <subfield code="2">ddc</subfield>
    <subfield code="4">0</subfield>
    <subfield code="7">0</subfield>
    <subfield code="8">FIC</subfield>
    <subfield code="a">BL4</subfield>
    <subfield code="b">BL4</subfield>
    <subfield code="d">2010-07-17</subfield>
    <subfield code="e">Blueberry Books/5571/27.3.10/157/27.1.10/27.3.10</subfield>
    <subfield code="g">158.00</subfield>
    <subfield code="l">0</subfield>
    <subfield code="o">S BRO</subfield>
    <subfield code="p">B-385840</subfield>
    <subfield code="r">2010-07-17 00:00:00</subfield>
    <subfield code="t">1</subfield>
    <subfield code="v">158.00</subfield>
    <subfield code="w">2010-07-17</subfield>
    <subfield code="y">CH</subfield>
  </datafield>
</record>
